000 00641cam a22001697a 4500
008 180718b2011 xxu||||| |||| 00| 0 eng d
082 _aAPPPA 2010-11/SHA
100 _aMamta Shankar
245 _aAgricultural trade policy and livelihood impact: a study of oil seeds
_cby Mamta Shankar
260 _aNew Delhi
_bIndian Institute of Public Administration
_c2011
300 _a119p.
500 _aAn APPPA M.Phil dissertation, 2010-11 (Guide: Prof. Anil C. Ittyerah)
650 _aSoy oil industry --India
650 _aLinseed oil industry --India
650 _aVegetable oil industry --India
650 _aSeed industry and trade --India
999 _c502408
_d502408